[Event "BRA-ch sf (Women)"]
[Site "Sao Paulo"]
[Date "2018.12.08"]
[Round "4"]
[White "Alboredo, Julia"]
[Black "Coelho, Tatiane Cristina"]
[Result "1-0"]
[WhiteElo "2217"]
[BlackElo "1794"]
[PlyCount "65"]
[EventDate "2018.12.07"]
[EventType "swiss"]
[EventRounds "6"]
[EventCountry "BRA"]
[SourceTitle "EXT 2022"]
[Source "ChessBase"]
[SourceDate "2021.10.06"]
[SourceVersion "1"]
[SourceVersionDate "2021.10.06"]
[SourceQuality "1"]

1. d4 d5 2. c4 e6 3. Nc3 f5 4. Nf3 Nf6 5. g3 c6 6. Bg2 Bd6 7. 0-0 Nbd7 8. b3 0-0 9. Bb2 f4 10. Qd2 fxg3 11. fxg3 Qe8 12. e4 Bb4 13. e5 Ne4 14. Qd3 Nxc3 15. Bxc3 Be7 16. Bh3 Kh8 17. Kg2 a5 18. Rae1 dxc4 19. bxc4 Nb6 20. Bd2 Qd8 21. Bg5 g6 22. Bh6 Rg8 23. Bc1 Bd7 24. Rd1 Rb8 25. Be3 Na4 26. Qc2 b5 27. c5 Kg7 28. Qb3 Qc8 29. Bg5 Re8 30. Bf6+ Bxf6 31. exf6+ Kxf6 32. Ne5+ Kg5 33. Qe3+ 1-0

[Event "BRA-ch sf (Women)"]
[Site "Sao Paulo"]
[Date "2018.12.07"]
[Round "1"]
[White "Gazola, Vanessa Ramos"]
[Black "Coelho, Tatiane Cristina"]
[Result "0-1"]
[WhiteElo "1976"]
[BlackElo "1794"]
[PlyCount "70"]
[EventDate "2018.12.07"]
[EventType "swiss"]
[EventRounds "6"]
[EventCountry "BRA"]
[SourceTitle "EXT 2022"]
[Source "ChessBase"]
[SourceDate "2021.10.06"]
[SourceVersion "1"]
[SourceVersionDate "2021.10.06"]
[SourceQuality "1"]

1. d4 e6 2. c4 d5 3. Nc3 f5 4. g3 Nf6 5. Bg2 c6 6. b3 Bd6 7. Nf3 Nbd7 8. 0-0 0-0 9. Bb2 Qe8 10. Qc1 Ne4 11. Nd1 f4 12. Nd2 fxg3 13. Nxe4 gxh2+ 14. Kh1 dxe4 15. Bxe4 Qh5 16. Nc3 Qh4 17. Qe3 e5 18. d5 cxd5 19. Bxd5+ Kh8 20. Ne4 Bc7 21. Qg3 Qh5 22. e3 Nf6 23. Ba3 Nxe4 24. Bxe4 Rf6 25. Be7 Rf7 26. Bh4 Rb8 27. Rad1 Be6 28. Rd2 Bb6 29. Rc1 Rbf8 30. b4 Bg4 31. Qxh2 Bf3+ 32. Bxf3 Rxf3 33. Bg3 Qg4 34. c5 Bc7 35. Rd7 Qxd7 0-1

[Event "Brazil Foz do Iguacu op"]
[Site "Foz do Iguacu"]
[Date "2018.05.18"]
[Round "5"]
[White "Coelho, Tatiane Cristina"]
[Black "Calcado, Acyr Rogerio"]
[Result "1-0"]
[WhiteElo "1741"]
[BlackElo "2105"]
[PlyCount "79"]
[EventDate "2018.05.16"]
[EventType "swiss"]
[EventRounds "9"]
[EventCountry "BRA"]
[SourceTitle "CBM 184 Extra"]
[Source "ChessBase"]
[SourceDate "2018.06.28"]
[SourceVersion "1"]
[SourceVersionDate "2018.06.28"]
[SourceQuality "1"]

1. e4 e5 2. Nf3 Nc6 3. Bc4 Bc5 4. c3 Nf6 5. d3 d6 6. Bb3 0-0 7. 0-0 h6 8. Nbd2 Ne7 9. h3 Ng6 10. Re1 Be6 11. Bc2 Nf4 12. d4 exd4 13. cxd4 Bb6 14. Nf1 N6h5 15. Be3 d5 16. e5 Qd7 17. Qd2 g5 18. Ng3 Nxg3 19. fxg3 Ng6 20. g4 c6 21. Rad1 Bd8 22. Rf1 Be7 23. Nxg5 hxg5 24. Bxg5 Kh7 25. Bf6 Bxf6 26. Rxf6 Bxg4 27. hxg4 Qxg4 28. Rdf1 Kg7 29. Qf2 Nh8 30. Rf4 Qh5 31. Bd1 Qh6 32. Rh4 Qe6 33. Qg3+ Ng6 34. Rf6 Qe8 35. Bc2 Rg8 36. Rg4 Kh7 37. Qh4+ Kg7 38. Qg5 Kh7 39. Qh4+ Kg7 40. Bxg6 1-0

[Event "Brazil Pocos de Caldas op"]
[Site "Pocos de Caldas"]
[Date "2018.03.02"]
[Round "1"]
[White "Saito, Vinicius Ikezu"]
[Black "Coelho, Tatiane Cristina"]
[Result "1-0"]
[WhiteElo "2130"]
[BlackElo "1741"]
[PlyCount "117"]
[EventDate "2018.03.02"]
[EventType "swiss"]
[EventRounds "6"]
[EventCountry "BRA"]
[SourceTitle "CBM 183 Extra"]
[Source "ChessBase"]
[SourceDate "2018.04.19"]
[SourceVersion "1"]
[SourceVersionDate "2018.04.19"]
[SourceQuality "1"]

1. c4 e5 2. g3 Nf6 3. Bg2 d5 4. cxd5 Nxd5 5. Nc3 Nb6 6. Nf3 Nc6 7. 0-0 Be7 8. d3 0-0 9. a3 Be6 10. b4 Rb8 11. Bb2 Bf6 12. Ne4 a6 13. Rc1 Bd5 14. Nfd2 Be7 15. Nc5 Bxg2 16. Kxg2 Re8 17. Nf3 Qd5 18. e4 Qd6 19. Qc2 Red8 20. Rfd1 f6 21. Nxb7 Rxb7 22. Qxc6 Qxc6 23. Rxc6 Na4 24. Ba1 Ra8 25. d4 exd4 26. Rxd4 Bd6 27. Rd5 Nb6 28. Ra5 Rba7 29. Bd4 Be7 30. e5 fxe5 31. Nxe5 Bd6 32. Nc4 Nxc4 33. Rxc4 Rb7 34. Rc6 Rd8 35. Be3 Kf7 36. Rcxa6 Re8 37. Ra7 Rbb8 38. b5 Ke6 39. a4 Rf8 40. R5a6 Kd5 41. Rc6 Ra8 42. Raa6 Rxa6 43. Rxa6 Kc4 44. b6 cxb6 45. Rxb6 Bb4 46. Rb7 Bc3 47. a5 Ra8 48. Bb6 Bf6 49. Rd7 Kb5 50. f4 Re8 51. h4 Re6 52. h5 Bc3 53. Kf3 Ka6 54. g4 Kb5 55. Bd4 Bxd4 56. Rxd4 Re7 57. Rd5+ Ka6 58. g5 Rf7 59. f5 1-0

[Event "American Continental (Women) 10th"]
[Site "Villa Martelli"]
[Date "2017.09.14"]
[Round "9"]
[White "Bosco, Giuliana"]
[Black "Coelho, Tatiane Cristina"]
[Result "1/2-1/2"]
[WhiteElo "1582"]
[BlackElo "1777"]
[PlyCount "108"]
[EventDate "2017.09.05"]
[EventType "swiss"]
[EventRounds "9"]
[EventCountry "ARG"]
[SourceTitle "CBM 180 Extra"]
[Source "ChessBase"]
[SourceDate "2017.10.06"]
[SourceVersion "1"]
[SourceVersionDate "2017.10.06"]
[SourceQuality "1"]

1. e4 e5 2. Nf3 Nc6 3. d4 exd4 4. Bc4 Bb4+ 5. Nbd2 Nf6 6. Bd3 0-0 7. 0-0 d6 8. a3 Ba5 9. Nc4 Re8 10. Nxa5 Nxa5 11. b4 Nc6 12. b5 Ne5 13. Nxd4 Nxd3 14. cxd3 h6 15. Qf3 d5 16. exd5 Qxd5 17. Qxd5 Nxd5 18. Bd2 Bg4 19. f3 Bh5 20. Kf2 Bg6 21. Rfd1 Rad8 22. Rac1 Rd7 23. h4 h5 24. Nb3 b6 25. d4 Bd3 26. a4 Re2+ 27. Kg1 Rd6 28. Re1 Rxe1+ 29. Rxe1 Bc2 30. Re8+ Kh7 31. Nc1 Bxa4 32. Ra8 Bxb5 33. Rxa7 Rc6 34. Kf2 Rc4 35. Nb3 Rc2 36. Ke1 Rb2 37. Nc1 Kg6 38. g4 hxg4 39. fxg4 Rc2 40. Ne2 Rc4 41. Rb7 c6 42. h5+ Kh7 43. Rxf7 Kg8 44. Rb7 Ra4 45. Nc3 Ra1+ 46. Kf2 Rf1+ 47. Kg2 Nxc3 48. Bxc3 Rc1 49. Bb4 Rc4 50. Be1 Rxd4 51. Kf3 c5 52. Rxb6 Bd7 53. Rg6 Kf7 54. Bf2 Rc4 1/2-1/2

[Event "American Continental (Women) 10th"]
[Site "Villa Martelli"]
[Date "2017.09.12"]
[Round "7"]
[White "Nejanky, Maisa"]
[Black "Coelho, Tatiane Cristina"]
[Result "1-0"]
[WhiteElo "2018"]
[BlackElo "1777"]
[PlyCount "67"]
[EventDate "2017.09.05"]
[EventType "swiss"]
[EventRounds "9"]
[EventCountry "ARG"]
[SourceTitle "CBM 180 Extra"]
[Source "ChessBase"]
[SourceDate "2017.10.06"]
[SourceVersion "1"]
[SourceVersionDate "2017.10.06"]
[SourceQuality "1"]

1. e4 e5 2. Nf3 Nc6 3. d4 exd4 4. Nxd4 Bb4+ 5. c3 Bc5 6. Be3 Bb6 7. Nf5 Qf6 8. Bxb6 axb6 9. Ne3 Nge7 10. Be2 0-0 11. 0-0 Qe6 12. Nd5 Qd6 13. Na3 Nxd5 14. exd5 Ne7 15. Nb5 Qe5 16. Re1 c6 17. Bc4 Qf6 18. Nc7 Ra7 19. d6 Nf5 20. Ne8 Qg5 21. b4 Nh4 22. g3 b5 23. Bb3 b6 24. f4 Qd8 25. Qh5 Nf3+ 26. Qxf3 Rxe8 27. Rxe8+ Qxe8 28. Kf2 c5 29. Re1 Qf8 30. Re7 c4 31. Qe2 cxb3 32. axb3 g6 33. Re8 Ra8 34. Qe7 1-0

[Event "American Continental (Women) 10th"]
[Site "Villa Martelli"]
[Date "2017.09.10"]
[Round "5"]
[White "Ocampo Garcia, Derly Gineth"]
[Black "Coelho, Tatiane Cristina"]
[Result "0-1"]
[WhiteElo "1821"]
[BlackElo "1777"]
[PlyCount "56"]
[EventDate "2017.09.05"]
[EventType "swiss"]
[EventRounds "9"]
[EventCountry "ARG"]
[SourceTitle "CBM 180 Extra"]
[Source "ChessBase"]
[SourceDate "2017.10.06"]
[SourceVersion "1"]
[SourceVersionDate "2017.10.06"]
[SourceQuality "1"]

1. e4 e5 2. Nf3 Nc6 3. Bc4 Bc5 4. c3 Nf6 5. d3 d6 6. Bb3 h6 7. h3 a6 8. Be3 Bxe3 9. fxe3 Bd7 10. Qe2 Qe7 11. Nbd2 g5 12. Nh2 h5 13. Rf1 0-0-0 14. 0-0-0 g4 15. Qf2 Rh6 16. h4 Na5 17. Bc2 Be6 18. g3 d5 19. exd5 Nxd5 20. e4 Nxc3 21. Qe3 Rhh8 22. a3 Nxd1 23. Kxd1 Nc6 24. Rf2 Nd4 25. Nhf1 Qc5 26. Nb1 Qb5 27. Kc1 Nxc2 28. Kxc2 Qb3+ 0-1

[Event "American Continental (Women) 10th"]
[Site "Villa Martelli"]
[Date "2017.09.07"]
[Round "3"]
[White "Coelho, Tatiane Cristina"]
[Black "Besso, Guadalupe"]
[Result "0-1"]
[WhiteElo "1777"]
[BlackElo "1994"]
[PlyCount "85"]
[EventDate "2017.09.05"]
[EventType "swiss"]
[EventRounds "9"]
[EventCountry "ARG"]
[SourceTitle "CBM 180 Extra"]
[Source "ChessBase"]
[SourceDate "2017.10.06"]
[SourceVersion "1"]
[SourceVersionDate "2017.10.06"]
[SourceQuality "1"]

1. e4 c5 2. Nc3 Nc6 3. f4 g6 4. Nf3 Bg7 5. Bb5 Nd4 6. 0-0 a6 7. Bd3 e6 8. e5 d5 9. Nxd4 cxd4 10. Ne2 Qb6 11. b3 Ne7 12. Bb2 Nc6 13. Qe1 0-0 14. Qf2 f6 15. Nxd4 fxe5 16. Nxc6 Qxc6 17. c4 Rxf4 18. Qg3 Qd6 19. Rae1 d4 20. Re4 Rxf1+ 21. Bxf1 Qe7 22. Bd3 Bd7 23. Rh4 Bc6 24. Qh3 Rf8 25. Qg3 Qf6 26. Ba3 Rf7 27. Bd6 e4 28. Rf4 Qd8 29. Rxf7 Kxf7 30. Be2 d3 31. Bg4 Bd4+ 32. Kh1 Qf6 33. Qf4 h5 34. Bd1 e5 35. Qxf6+ Kxf6 36. h3 Bf2 37. Bb4 Bd4 38. Kh2 b6 39. g4 a5 40. Ba3 hxg4 41. hxg4 Bf2 42. Bb2 Be1 43. Bc1 0-1

[Event "BRA-ch sf (Women)"]
[Site "Icara"]
[Date "2017.07.02"]
[Round "6"]
[White "Alboredo, Julia"]
[Black "Coelho, Tatiane Cristina"]
[Result "1-0"]
[WhiteElo "2072"]
[BlackElo "1790"]
[PlyCount "113"]
[EventDate "2017.06.29"]
[EventType "swiss"]
[EventRounds "7"]
[EventCountry "BRA"]
[SourceTitle "CBM 179 Extra"]
[Source "ChessBase"]
[SourceDate "2017.08.23"]
[SourceVersion "1"]
[SourceVersionDate "2017.08.23"]
[SourceQuality "1"]

1. e4 e5 2. Nf3 Nc6 3. Bb5 a6 4. Ba4 Nf6 5. 0-0 Be7 6. Re1 d6 7. c3 b5 8. Bc2 0-0 9. h3 Nb8 10. d4 Nbd7 11. Nbd2 Bb7 12. Nf1 Re8 13. Ng3 Bf8 14. d5 c6 15. dxc6 Bxc6 16. Nh2 d5 17. exd5 Bxd5 18. Ng4 Bb7 19. Bg5 h6 20. Bxf6 Nxf6 21. Nxe5 Qc7 22. Ng4 Rxe1+ 23. Qxe1 Nxg4 24. hxg4 Bc5 25. Ne4 Bb6 26. Rd1 Qf4 27. Qe2 Bc8 28. Qf3 Qxf3 29. gxf3 Be6 30. Bb3 Bxb3 31. axb3 Kf8 32. Rd7 Bd8 33. Rb7 Be7 34. Kf1 g6 35. Ke2 h5 36. g5 Ke8 37. f4 Rc8 38. Rb6 Ra8 39. c4 Rc8 40. cxb5 axb5 41. Rxb5 Rc2+ 42. Kf3 Rxb2 43. Rb7 Rb1 44. Nc3 Rg1 45. Ne2 Rb1 46. Nc3 Rh1 47. Kg2 Rc1 48. Nd5 Bd6 49. Nf6+ Kf8 50. Ra7 Bxf4 51. Ra8+ Ke7 52. Nd5+ Ke6 53. Nxf4+ Kf5 54. Nh3 Rc3 55. Ra5+ Ke6 56. Ra6+ Ke7 57. Rb6 1-0

[Event "World Amateur-ch U2000 (Women)"]
[Site "Spoleto"]
[Date "2017.04.06"]
[Round "7"]
[White "Coelho, Tatiane Cristina"]
[Black "Saumy, Zainab"]
[Result "1/2-1/2"]
[WhiteElo "1801"]
[BlackElo "1814"]
[PlyCount "39"]
[EventDate "2017.04.01"]
[EventType "swiss"]
[EventRounds "9"]
[EventCountry "ITA"]
[SourceTitle "EXT 2024"]
[Source "ChessBase"]
[SourceDate "2023.10.10"]
[SourceVersion "1"]
[SourceVersionDate "2023.10.10"]
[SourceQuality "1"]

1. e4 c5 2. Nc3 Nc6 3. f4 g6 4. Nf3 Bg7 5. Bb5 Nd4 6. 0-0 a6 7. Bd3 d6 8. Ne2 Nf6 9. Nexd4 cxd4 10. Qe1 0-0 11. Kh1 Nh5 12. f5 b5 13. Be2 Nf4 14. Bd1 d3 15. c3 d5 16. fxg6 Nxg6 17. exd5 Qxd5 18. Bb3 Qh5 19. Qe4 Bf5 20. Qe1 1/2-1/2

[Event "Florianopolis op 3rd"]
[Site "Florianopolis"]
[Date "2017.01.22"]
[Round "4"]
[White "Coelho, Tatiane Cristina"]
[Black "Manzi, Luiz Antonio Bardao"]
[Result "0-1"]
[WhiteElo "1776"]
[BlackElo "2044"]
[PlyCount "42"]
[EventDate "2017.01.20"]
[EventType "swiss"]
[EventRounds "10"]
[EventCountry "BRA"]
[SourceTitle "CBM 176 Extra"]
[Source "ChessBase"]
[SourceDate "2017.03.02"]
[SourceVersion "1"]
[SourceVersionDate "2017.03.02"]
[SourceQuality "1"]

1. d4 Nf6 2. Nc3 d5 3. Nf3 e6 4. Bf4 c5 5. e3 Bd6 6. Ne5 a6 7. Bd3 Nc6 8. Nxc6 bxc6 9. Bg3 0-0 10. Qf3 c4 11. Be2 Bb4 12. 0-0 Bxc3 13. bxc3 Ne4 14. Rfe1 Nxc3 15. Bf1 Ne4 16. Be5 f6 17. Bf4 e5 18. Bg3 Qe8 19. Bh4 Qg6 20. Be2 Nc3 21. Bd1 Bf5 0-1

[Event "BRA-ch sf (Women)"]
[Site "Sao Paulo"]
[Date "2016.12.04"]
[Round "5"]
[White "Coelho, Tatiane Cristina"]
[Black "Medeiros, Thauane Ferreira"]
[Result "1-0"]
[WhiteElo "1753"]
[BlackElo "1990"]
[PlyCount "57"]
[EventDate "2016.12.02"]
[EventType "swiss"]
[EventRounds "6"]
[EventCountry "BRA"]
[SourceTitle "EXT 2018"]
[Source "ChessBase"]
[SourceDate "2017.10.13"]
[SourceVersion "1"]
[SourceVersionDate "2017.10.13"]
[SourceQuality "1"]

1. e4 c5 2. Nc3 Nc6 3. f4 d6 4. Nf3 g6 5. Bb5 Bg7 6. 0-0 e6 7. Bxc6+ bxc6 8. d3 Ne7 9. Qe1 0-0 10. Qh4 Bd7 11. Be3 Rb8 12. Rab1 Nc8 13. Qg3 Qe7 14. Qf2 Nb6 15. e5 c4 16. Ne4 cxd3 17. cxd3 Nc8 18. Nxd6 Nxd6 19. Bc5 Rb5 20. Bxd6 Qd8 21. Bxf8 Bxf8 22. Kh1 Qa5 23. b3 Rd5 24. d4 Bc8 25. Ng5 c5 26. dxc5 Bxc5 27. Qh4 h5 28. Ne4 Kf8 29. Nxc5 1-0

[Event "Pan American-ch U2000"]
[Site "Carilo Village"]
[Date "2016.10.29"]
[Round "7"]
[White "Damiano, Martin"]
[Black "Coelho, Tatiane Cristina"]
[Result "1/2-1/2"]
[WhiteElo "1850"]
[BlackElo "1748"]
[PlyCount "78"]
[EventDate "2016.10.25"]
[EventType "swiss"]
[EventRounds "9"]
[EventCountry "ARG"]
[SourceTitle "EXT 2022"]
[Source "ChessBase"]
[SourceDate "2021.10.06"]
[SourceVersion "1"]
[SourceVersionDate "2021.10.06"]
[SourceQuality "1"]

1. e4 e5 2. Nf3 Nc6 3. d4 exd4 4. Nxd4 Nxd4 5. Qxd4 d6 6. Bc4 Be6 7. Nc3 Nf6 8. 0-0 Bxc4 9. Qxc4 Be7 10. Qb5+ Nd7 11. Qxb7 0-0 12. Nd5 Nf6 13. c4 Nxd5 14. Qxd5 Bf6 15. Rb1 Re8 16. Be3 Re5 17. Qd3 Qe7 18. f3 Rh5 19. b4 a5 20. b5 Re8 21. Rfe1 Qe5 22. f4 Qxe4 23. Qxe4 Rxe4 24. Bd2 Rxe1+ 25. Rxe1 Kf8 26. Bxa5 Rc5 27. Rc1 Bd4+ 28. Kf1 Be3 29. Rc2 Bxf4 30. g3 Bg5 31. a4 Ke8 32. Kg2 d5 33. Bb4 Rxc4 34. Rxc4 dxc4 35. Kf3 f5 36. Bc3 g6 37. Bd4 Ke7 38. a5 Kf8 39. g4 h5 1/2-1/2

[Event "Florianopolis Winter U220 op"]
[Site "Florianopolis"]
[Date "2016.08.20"]
[Round "3"]
[White "Coelho, Tatiane Cristina"]
[Black "Duailibe, Ricardo Miguel"]
[Result "0-1"]
[WhiteElo "1733"]
[BlackElo "1883"]
[PlyCount "70"]
[EventDate "2016.08.19"]
[EventType "swiss"]
[EventRounds "7"]
[EventCountry "BRA"]
[SourceTitle "CBM 174 Extra"]
[Source "ChessBase"]
[SourceDate "2016.10.10"]
[SourceVersion "1"]
[SourceVersionDate "2016.10.10"]
[SourceQuality "1"]

1. d4 Nf6 2. Nf3 g6 3. Nc3 Bg7 4. Bf4 d6 5. e4 0-0 6. Qd2 c5 7. Bh6 cxd4 8. Nxd4 Nc6 9. Nf3 Qb6 10. Rb1 Bxh6 11. Qxh6 Qxf2+ 12. Kxf2 Ng4+ 13. Kg3 Nxh6 14. h3 Nb4 15. Rc1 Be6 16. a3 Nc6 17. Bd3 f6 18. Rhe1 Nf7 19. Bf1 Nfe5 20. b4 Rac8 21. b5 Nxf3 22. gxf3 Ne5 23. Nd1 Bc4 24. a4 Bxf1 25. Rxf1 Nd3 26. Ra1 Rxc2 27. Ne3 Rc5 28. Nd5 Kf7 29. Rfd1 Nb2 30. Rdb1 Nc4 31. a5 e6 32. Nf4 Ne5 33. Rb3 Rfc8 34. Ne2 Ke7 35. b6 a6 0-1

[Event "Florianopolis Winter U220 op"]
[Site "Florianopolis"]
[Date "2016.08.19"]
[Round "1"]
[White "De Haro, Martim Alfonso"]
[Black "Coelho, Tatiane Cristina"]
[Result "0-1"]
[WhiteElo "2079"]
[BlackElo "1733"]
[PlyCount "82"]
[EventDate "2016.08.19"]
[EventType "swiss"]
[EventRounds "7"]
[EventCountry "BRA"]
[SourceTitle "CBM 174 Extra"]
[Source "ChessBase"]
[SourceDate "2016.10.10"]
[SourceVersion "1"]
[SourceVersionDate "2016.10.10"]
[SourceQuality "1"]

1. e4 e5 2. Nf3 Nc6 3. Bb5 a6 4. Ba4 Nf6 5. 0-0 b5 6. Bb3 Be7 7. Re1 0-0 8. c3 Bb7 9. d4 exd4 10. cxd4 Na5 11. Bc2 d6 12. Nbd2 Rc8 13. Nf1 c5 14. Ng3 cxd4 15. Nxd4 Ne8 16. Ndf5 Bf6 17. Nh5 Qc7 18. Bd3 Bd8 19. Bf4 g6 20. Nh6+ Kh8 21. Ng3 Nc4 22. Rc1 Qd7 23. Bb1 Qe6 24. b3 Ne5 25. Be3 Bf6 26. f4 Rxc1 27. Bxc1 Nc6 28. e5 dxe5 29. Ng4 Bg7 30. Nxe5 Nxe5 31. fxe5 Nc7 32. Bb2 Re8 33. Rf1 Nd5 34. Qf3 Kg8 35. Be4 Rd8 36. Kh1 Rd7 37. h3 Bxe5 38. Bxe5 Qxe5 39. Bc2 Ne3 40. Qf4 Qxf4 41. Rxf4 Nxc2 0-1